[Event "Carlos Torre Memorial op 29th"]
[Site "Merida"]
[Date "2017.12.16"]
[Round "5"]
[White "Espinosa Veloz, Ermes"]
[Black "Ruiz Sanchez, Orlen"]
[Result "1/2-1/2"]
[WhiteElo "2535"]
[BlackElo "2412"]
[PlyCount "50"]
[EventDate "2017.12.14"]
[EventType "swiss"]
[EventRounds "9"]
[EventCountry "MEX"]
[SourceTitle "CBM 182 Extra"]
[Source "ChessBase"]
[SourceDate "2018.02.23"]
[SourceVersion "1"]
[SourceVersionDate "2018.02.23"]
[SourceQuality "1"]

1. e4 c5 2. Nf3 d6 3. d4 cxd4 4. Nxd4 Nf6 5. Nc3 a6 6. h3 e6 7. g4 Nfd7 8. g5 b5 9. a3 Bb7 10. Be3 Be7 11. h4 Nc6 12. Nxc6 Bxc6 13. Qd4 0-0 14. 0-0-0 f5 15. gxf6 Nxf6 16. Rg1 e5 17. Qd3 Kh8 18. Nd5 Nxd5 19. exd5 Bd7 20. h5 Bf5 21. Qd2 Rc8 22. Bd3 Qd7 23. Kb1 Bxd3 24. Qxd3 Qf5 25. Rh1 Kg8 1/2-1/2

[Event "Montreal Varennes op"]
[Site "Montreal"]
[Date "2017.10.08"]
[Round "4"]
[White "Ruiz Sanchez, Orlen"]
[Black "Luksza, Arkadiusz"]
[Result "1/2-1/2"]
[WhiteElo "2409"]
[BlackElo "2081"]
[PlyCount "96"]
[EventDate "2017.10.06"]
[EventType "swiss"]
[EventRounds "5"]
[EventCountry "CAN"]
[SourceTitle "CBM 181 Extra"]
[Source "ChessBase"]
[SourceDate "2017.12.12"]
[SourceVersion "1"]
[SourceVersionDate "2017.12.12"]
[SourceQuality "1"]

1. e4 e6 2. d4 d5 3. Nc3 Nf6 4. e5 Nfd7 5. f4 c5 6. Nf3 Nc6 7. Be3 a6 8. Qd2 b5 9. g3 Bb7 10. Bh3 cxd4 11. Nxd4 Nxd4 12. Bxd4 Bc5 13. Ne2 Bxd4 14. Nxd4 Qb6 15. 0-0-0 g6 16. Rhe1 Nc5 17. Kb1 0-0-0 18. Qe3 Qc7 19. Bg2 Kb8 20. Rd2 Rc8 21. Bf3 Rhd8 22. g4 Ne4 23. Bxe4 dxe4 24. g5 Rh8 25. Ne2 h6 26. gxh6 Rxh6 27. Ng3 Rh3 28. Qd4 Rh4 29. Qf2 Qc5 30. Qxc5 Rxc5 31. Nxe4 Bxe4 32. Rxe4 g5 33. b4 Rd5 34. Rf2 Kc7 35. Kb2 Kd7 36. c4 bxc4 37. Rxc4 Rxe5 38. fxe5 Rxc4 39. Rxf7+ Kc6 40. Kb3 Re4 41. a4 Rxe5 42. a5 Re3+ 43. Ka4 Re1 44. Ra7 Ra1+ 45. Kb3 Rb1+ 46. Ka3 Kb5 47. Rb7+ Kc4 48. Rc7+ Kb5 1/2-1/2

[Event "Montreal Varennes op"]
[Site "Montreal"]
[Date "2017.10.06"]
[Round "1"]
[White "Dukic, Zachary"]
[Black "Ruiz Sanchez, Orlen"]
[Result "0-1"]
[WhiteElo "2020"]
[BlackElo "2409"]
[PlyCount "114"]
[EventDate "2017.10.06"]
[EventType "swiss"]
[EventRounds "5"]
[EventCountry "CAN"]
[SourceTitle "CBM 181 Extra"]
[Source "ChessBase"]
[SourceDate "2017.12.12"]
[SourceVersion "1"]
[SourceVersionDate "2017.12.12"]
[SourceQuality "1"]

1. e4 c5 2. Nf3 d6 3. d4 cxd4 4. Nxd4 Nf6 5. Nc3 a6 6. Bg5 Nc6 7. Qd2 e6 8. 0-0-0 Be7 9. f3 Nxd4 10. Qxd4 b5 11. h4 Bb7 12. Kb1 Rc8 13. g4 0-0 14. Qd2 Qc7 15. Bd3 b4 16. Ne2 d5 17. e5 Ne4 18. Qe1 Nc5 19. Bxe7 Nxd3 20. Rxd3 Qxe7 21. Nd4 a5 22. f4 Ba6 23. Rd2 a4 24. Qe3 a3 25. b3 Rc3 26. Qf2 Rfc8 27. g5 Qc5 28. h5 Re8 29. Rh4 Bc8 30. Rh2 Bd7 31. Rh4 Bc8 32. Rh2 Rf8 33. Rh1 Bd7 34. Rh2 Qe7 35. Qg1 Rfc8 36. Qf2 Qc5 37. Rh1 Rf8 38. Rh2 Qe7 39. Rh1 Rfc8 40. Rh2 Re8 41. Rh1 Rf8 42. Ne2 Rc7 43. Rh3 Kh8 44. Rg3 Bc8 45. Nd4 Bd7 46. Rd1 Rfc8 47. Rdd3 Rc5 48. Qd2 R5c7 49. Rh3 Kg8 50. Rdg3 Qc5 51. Rg2 Bb5 52. g6 Bf1 53. gxf7+ Rxf7 54. Nxe6 Qe7 55. Ng5 Bxg2 56. Rg3 Be4 57. Nxf7 Qxf7 0-1

[Event "Guillermo Garcia Memorial-A 26th"]
[Site "Santa Clara"]
[Date "2017.05.25"]
[Round "9"]
[White "Ruiz Sanchez, Orlen"]
[Black "Martin Del Campo C, Roberto Abel"]
[Result "1/2-1/2"]
[WhiteElo "2455"]
[BlackElo "2376"]
[PlyCount "39"]
[EventDate "2017.05.16"]
[EventType "tourn"]
[EventRounds "9"]
[EventCountry "CUB"]
[EventCategory "8"]
[SourceTitle "CBM 178 Extra"]
[Source "ChessBase"]
[SourceDate "2017.06.22"]
[SourceVersion "1"]
[SourceVersionDate "2017.06.22"]
[SourceQuality "1"]

1. e4 c5 2. Nf3 d6 3. d4 cxd4 4. Nxd4 Nf6 5. Nc3 e5 6. Bb5+ Nbd7 7. Nf5 a6 8. Bxd7+ Qxd7 9. Bg5 Nxe4 10. Nxg7+ Bxg7 11. Nxe4 0-0 12. Qxd6 f6 13. Be3 Qg4 14. Nc3 Bf5 15. Qd5+ Rf7 16. h3 Qg6 17. 0-0-0 Bxc2 18. Rd2 Bf5 19. b3 Re8 20. g4 1/2-1/2

[Event "Guillermo Garcia Memorial-A 26th"]
[Site "Santa Clara"]
[Date "2017.05.24"]
[Round "8"]
[White "Borges Matos, Juan R"]
[Black "Ruiz Sanchez, Orlen"]
[Result "1/2-1/2"]
[WhiteElo "2452"]
[BlackElo "2455"]
[PlyCount "22"]
[EventDate "2017.05.16"]
[EventType "tourn"]
[EventRounds "9"]
[EventCountry "CUB"]
[EventCategory "8"]
[SourceTitle "CBM 178 Extra"]
[Source "ChessBase"]
[SourceDate "2017.06.22"]
[SourceVersion "1"]
[SourceVersionDate "2017.06.22"]
[SourceQuality "1"]

1. d4 d5 2. c4 c6 3. cxd5 cxd5 4. Nf3 Nc6 5. Nc3 Nf6 6. Bf4 Bf5 7. e3 e6 8. Bd3 Bxd3 9. Qxd3 Bd6 10. Bxd6 Qxd6 11. 0-0 0-0 1/2-1/2

[Event "Guillermo Garcia Memorial-A 26th"]
[Site "Santa Clara"]
[Date "2017.05.16"]
[Round "1"]
[White "Alvarez Pedraza, Aramis"]
[Black "Ruiz Sanchez, Orlen"]
[Result "1/2-1/2"]
[WhiteElo "2483"]
[BlackElo "2455"]
[PlyCount "28"]
[EventDate "2017.05.16"]
[EventType "tourn"]
[EventRounds "9"]
[EventCountry "CUB"]
[EventCategory "8"]
[SourceTitle "CBM 178 Extra"]
[Source "ChessBase"]
[SourceDate "2017.06.22"]
[SourceVersion "1"]
[SourceVersionDate "2017.06.22"]
[SourceQuality "1"]

1. d4 d5 2. c4 c6 3. Nf3 e6 4. g3 dxc4 5. Bg2 Nf6 6. 0-0 Nbd7 7. a4 a5 8. Nc3 Be7 9. e4 0-0 10. Qe2 b6 11. Rd1 Ba6 12. d5 cxd5 13. exd5 exd5 14. Nxd5 Re8 1/2-1/2

[Event "Villahermosa Jugando op"]
[Site "Villahermosa"]
[Date "2016.10.31"]
[Round "6"]
[White "Tiviakov, Sergei"]
[Black "Ruiz Sanchez, Orlen"]
[Result "1-0"]
[WhiteElo "2590"]
[BlackElo "2449"]
[PlyCount "87"]
[EventDate "2016.10.28"]
[EventType "swiss"]
[EventRounds "9"]
[EventCountry "MEX"]
[SourceTitle "CBM 175 Extra"]
[Source "ChessBase"]
[SourceDate "2016.12.12"]
[SourceVersion "1"]
[SourceVersionDate "2016.12.12"]
[SourceQuality "1"]

1. e4 c5 2. Nc3 d6 3. Nge2 Nf6 4. g3 Nc6 5. Bg2 g6 6. d4 cxd4 7. Nxd4 Nxd4 8. Qxd4 Bg7 9. 0-0 0-0 10. Qc4 Be6 11. Nd5 Qd7 12. Re1 Ng4 13. c3 Rfe8 14. a4 Rac8 15. Qb5 Ne5 16. Bg5 f6 17. Be3 Nc6 18. a5 a6 19. Qe2 Bxd5 20. exd5 Ne5 21. f4 Ng4 22. Bb6 f5 23. Qe6+ Qxe6 24. dxe6 Rc6 25. Ra4 Nf6 26. Bxc6 bxc6 27. Bd4 Ne4 28. Bxg7 Kxg7 29. Rb4 c5 30. Rb6 Ra8 31. Kf1 Kf6 32. Ke2 Kxe6 33. Kd3 Ra7 34. g4 Kf7 35. g5 e5 36. fxe5 d5 37. h4 Re7 38. Rxa6 Rxe5 39. Rb6 d4 40. a6 Nf2+ 41. Kd2 Ne4+ 42. Kc2 d3+ 43. Kxd3 c4+ 44. Kxc4 1-0

[Event "Villahermosa Jugando op"]
[Site "Villahermosa"]
[Date "2016.10.29"]
[Round "2"]
[White "Cordova, Emilio"]
[Black "Ruiz Sanchez, Orlen"]
[Result "1-0"]
[WhiteElo "2637"]
[BlackElo "2449"]
[PlyCount "115"]
[EventDate "2016.10.28"]
[EventType "swiss"]
[EventRounds "9"]
[EventCountry "MEX"]
[SourceTitle "CBM 175 Extra"]
[Source "ChessBase"]
[SourceDate "2016.12.12"]
[SourceVersion "1"]
[SourceVersionDate "2016.12.12"]
[SourceQuality "1"]

1. Nf3 d5 2. b3 Bg4 3. Bb2 Nd7 4. e3 Ngf6 5. c4 c6 6. Nc3 e6 7. Rc1 Bd6 8. cxd5 exd5 9. Be2 Nc5 10. Qc2 Ne6 11. Bd3 Nd7 12. Ne2 Bxf3 13. gxf3 Be5 14. f4 Bxb2 15. Qxb2 Qf6 16. Qxf6 Nxf6 17. b4 g6 18. a4 a5 19. b5 c5 20. f5 gxf5 21. Bxf5 b6 22. d4 Rc8 23. Rg1 Ke7 24. Bxe6 fxe6 25. Rg7+ Kd6 26. Rb7 Nd7 27. e4 Rb8 28. e5+ Ke7 29. Ra7 Ra8 30. Rc7 Rhc8 31. Rc6 Rxc6 32. bxc6 Nb8 33. dxc5 Nxc6 34. cxb6 Kd7 35. Nf4 Nxe5 36. Rc7+ Kd6 37. Rxh7 Nd7 38. h4 Nxb6 39. h5 Nd7 40. h6 Rg8 41. Ke2 e5 42. Nxd5 Nf8 43. Rg7 Rh8 44. Ne3 Ne6 45. Ra7 Nd4+ 46. Kf1 Nc6 47. Rb7 Kc5 48. Nf5 Nd4 49. Nxd4 exd4 50. h7 d3 51. Ke1 Kd4 52. Kd2 Rf8 53. Rd7+ Kc4 54. f4 Kb4 55. f5 Kxa4 56. Rg7 Rh8 57. f6 Kb3 58. f7 1-0

[Event "US Masters op"]
[Site "Greensboro"]
[Date "2016.08.25"]
[Round "1"]
[White "Ruiz Sanchez, Orlen"]
[Black "Harris, Neal D"]
[Result "1-0"]
[WhiteElo "2440"]
[BlackElo "2128"]
[PlyCount "85"]
[EventDate "2016.08.25"]
[EventType "swiss"]
[EventRounds "9"]
[EventCountry "USA"]
[SourceTitle "CBM 174 Extra"]
[Source "ChessBase"]
[SourceDate "2016.10.10"]
[SourceVersion "1"]
[SourceVersionDate "2016.10.10"]
[SourceQuality "1"]

1. e4 c5 2. Nc3 Nc6 3. Bb5 Nd4 4. Bc4 e6 5. Nge2 a6 6. Nxd4 cxd4 7. Ne2 Bc5 8. 0-0 b5 9. Bb3 Bb7 10. d3 Nf6 11. Ng3 h5 12. Bg5 Qb6 13. Ne2 Ng4 14. h3 f6 15. Bd2 Ne5 16. f4 Nc6 17. f5 exf5 18. Rxf5 Ne7 19. Rf1 0-0-0 20. Qe1 Qc6 21. Nf4 g5 22. Nd5 Nxd5 23. Bxd5 Qd6 24. Rf5 Rde8 25. Qf2 Rhf8 26. Rf1 Re5 27. Rxf6 Rxf6 28. Bxb7+ Kxb7 29. Qxf6 Qxf6 30. Rxf6 Be7 31. Rf7 Kc6 32. Kf2 Re6 33. Rf5 Rg6 34. Kf3 Bd8 35. g4 h4 36. Bb4 d6 37. Bd2 Bf6 38. Ba5 Kd7 39. c3 Ke6 40. cxd4 Bxd4 41. Bc3 Bb6 42. d4 Ke7 43. d5 1-0

[Event "Capablanca Memorial op 51st"]
[Site "Varadero"]
[Date "2016.06.10"]
[Round "2"]
[White "Gutierrez Delgado, Yusuan Alfredo"]
[Black "Ruiz Sanchez, Orlen"]
[Result "1/2-1/2"]
[WhiteElo "2342"]
[BlackElo "2417"]
[PlyCount "62"]
[EventDate "2016.06.09"]
[EventType "swiss"]
[EventRounds "10"]
[EventCountry "CUB"]
[SourceTitle "EXT 2017"]
[Source "ChessBase"]
[SourceDate "2016.10.25"]
[SourceVersion "1"]
[SourceVersionDate "2016.10.25"]
[SourceQuality "1"]

1. e4 c5 2. Nf3 d6 3. d4 cxd4 4. Nxd4 Nf6 5. Nc3 a6 6. f3 e6 7. Be3 b5 8. Qd2 Nbd7 9. g4 Bb7 10. g5 Nh5 11. 0-0-0 Rc8 12. Nce2 d5 13. Ng3 Nxg3 14. hxg3 Ne5 15. f4 Nc4 16. Bxc4 dxc4 17. Qg2 Bc5 18. Kb1 Qb6 19. g6 fxg6 20. Qh3 Ke7 21. Qh4+ Ke8 22. Qh3 Ke7 23. Qh4+ Ke8 24. Nxe6 Qxe6 25. Bxc5 Bxe4 26. Rhe1 Kf7 27. Rxe4 Qxe4 28. Rd7+ Kg8 29. Rd8+ Kf7 30. Rd7+ Kg8 31. Rd8+ Kf7 1/2-1/2

[Event "Cuernavaca Sisniega Memorial"]
[Site "Cuernavaca"]
[Date "2015.11.13"]
[Round "3"]
[White "Garcia Guerrero, Isaac Antonio"]
[Black "Ruiz Sanchez, Orlen"]
[Result "1-0"]
[WhiteElo "2261"]
[BlackElo "2426"]
[PlyCount "51"]
[EventDate "2015.11.11"]
[EventType "swiss"]
[EventRounds "9"]
[EventCountry "MEX"]
[SourceTitle "CBM 169 Extra"]
[Source "ChessBase"]
[SourceDate "2015.12.18"]
[SourceVersion "1"]
[SourceVersionDate "2015.12.18"]
[SourceQuality "1"]

1. d4 d5 2. c4 e6 3. Nc3 c6 4. e4 dxe4 5. Nxe4 Bb4+ 6. Bd2 Qxd4 7. Bxb4 Qxe4+ 8. Be2 a5 9. Bd6 Na6 10. Kf1 Nh6 11. h3 Nf5 12. Nf3 Nxd6 13. Qxd6 e5 14. Rd1 Be6 15. Nxe5 Qh4 16. Nxc6 bxc6 17. Qxc6+ Ke7 18. Qd6+ Ke8 19. c5 Nxc5 20. Qc6+ Ke7 21. Qxc5+ Kf6 22. Qc3+ Ke7 23. Rd4 Qg5 24. h4 Qe5 25. f4 Qf5 26. g4 1-0

[Event "Carlos Torre Memorial op 26th"]
[Site "Merida"]
[Date "2014.12.20"]
[Round "6"]
[White "Ruiz Sanchez, Orlen"]
[Black "Nogueiras Santiago, Jesus"]
[Result "1/2-1/2"]
[WhiteElo "2411"]
[BlackElo "2502"]
[PlyCount "50"]
[EventDate "2014.12.18"]
[EventType "swiss"]
[EventRounds "9"]
[EventCountry "MEX"]
[SourceTitle "CBM 164 Extra"]
[Source "ChessBase"]
[SourceDate "2015.03.02"]
[SourceVersion "1"]
[SourceVersionDate "2015.03.02"]
[SourceQuality "1"]

1. e4 Nf6 2. Nc3 d5 3. e5 d4 4. exf6 dxc3 5. fxg7 cxd2+ 6. Bxd2 Bxg7 7. Qf3 Nc6 8. 0-0-0 Qd6 9. Bc3 Qh6+ 10. Kb1 0-0 11. Qg3 Bf5 12. Nf3 Qg6 13. Bd3 Bxd3 14. Rxd3 Qxg3 15. hxg3 Rad8 16. Bxg7 Kxg7 17. Rhd1 Rxd3 18. Rxd3 Rd8 19. Rxd8 Nxd8 20. Kc1 f5 21. Nd4 Kf6 22. f4 a6 23. Nf3 Nc6 24. Kd2 h6 25. a3 e5 1/2-1/2

[Event "Bogota University op 8th"]
[Site "Bogota"]
[Date "2014.10.13"]
[Round "9"]
[White "Ruiz Aguilar, Pablo Alexander"]
[Black "Ruiz Sanchez, Orlen"]
[Result "0-1"]
[WhiteElo "2264"]
[BlackElo "2429"]
[PlyCount "108"]
[EventDate "2014.10.09"]
[EventType "swiss"]
[EventRounds "9"]
[EventCountry "COL"]
[SourceTitle "EXT 2015"]
[Source "ChessBase"]
[SourceDate "2014.11.20"]
[SourceVersion "1"]
[SourceVersionDate "2014.11.20"]
[SourceQuality "1"]

1. e4 c5 2. Nf3 d6 3. d4 cxd4 4. Nxd4 Nf6 5. Nc3 a6 6. Be2 e5 7. Nb3 Be7 8. 0-0 0-0 9. Be3 Be6 10. a4 Nbd7 11. f3 Rc8 12. Rf2 Nb6 13. a5 Nc4 14. Bxc4 Rxc4 15. Na4 d5 16. Nb6 Rc6 17. exd5 Nxd5 18. Nxd5 Qxd5 19. Rd2 Qb5 20. Bb6 Rfc8 21. Kh1 g6 22. f4 Bxb3 23. cxb3 exf4 24. Rd5 Rc1 25. Rxc1 Rxc1 26. Qxc1 Qxd5 27. Qxf4 Qd1+ 28. Bg1 Kg7 29. Qc4 Bf6 30. h3 Bxb2 31. Qc5 Qa1 32. Qd5 Bc3 33. g4 Qf1 34. Kh2 Qf4+ 35. Kh1 Qg3 36. Bd4+ Bxd4 37. Qxd4+ Kh6 38. Qd2+ g5 39. Qb4 Qxh3+ 40. Kg1 Qg3+ 41. Kh1 Qf3+ 42. Kg1 Kg7 43. Qd4+ Qf6 44. Qd5 Qf4 45. Qxb7 Qxg4+ 46. Kh1 Qd1+ 47. Kh2 Qd2+ 48. Kg1 Qxa5 49. b4 Qa1+ 50. Kg2 Qf6 51. Qe4 h5 52. Qc4 g4 53. Qc5 h4 54. Qh5 h3+ 0-1

[Event "Bogota University op 8th"]
[Site "Bogota"]
[Date "2014.10.12"]
[Round "7"]
[White "Ruiz Sanchez, Orlen"]
[Black "Garavito, Miguel Angel"]
[Result "1-0"]
[WhiteElo "2429"]
[BlackElo "2257"]
[PlyCount "35"]
[EventDate "2014.10.09"]
[EventType "swiss"]
[EventRounds "9"]
[EventCountry "COL"]
[SourceTitle "EXT 2015"]
[Source "ChessBase"]
[SourceDate "2014.11.20"]
[SourceVersion "1"]
[SourceVersionDate "2014.11.20"]
[SourceQuality "1"]

1. e4 g6 2. d4 Bg7 3. Nc3 d6 4. Bg5 c6 5. Qd2 b5 6. f4 Nd7 7. Nf3 b4 8. Nd1 Ngf6 9. Nf2 0-0 10. Bd3 Qb6 11. 0-0 e5 12. fxe5 dxe5 13. c3 Bb7 14. Kh1 exd4 15. cxd4 c5 16. d5 Rfe8 17. Rae1 h5 18. Qd1 1-0